[Event "6th United Insurance"]
[Site "Dhaka BAN"]
[Date "2003.03.17"]
[Round "10"]
[White "Goloshchapov,A"]
[Black "Magem Badals,J"]
[Result "1-0"]
[WhiteElo "2523"]
[BlackElo "2493"]
[EventDate "2003.03.08"]

1. e4 e5 2. Nf3 d6 3. d4 Nf6 4. Nc3 Nbd7 5. Bc4 Be7 6. O-O O-O 7. Re1 c6 8.
a4 a5 9. h3 exd4 10. Nxd4 Nc5 11. Bf4 Be6 12. Nxe6 fxe6 13. e5 d5 14. exf6
Bxf6 15. Qg4 dxc4 16. Be3 Qe7 17. Qxc4 Na6 18. Bb6 Rfe8 19. Bxa5 Qc5 20.
Qxc5 Nxc5 21. Bb4 Bxc3 22. Bxc3 Nxa4 23. Be5 Nb6 24. Rad1 Re7 25. Rd3 Rae8
26. Red1 Nd5 27. c4 Nf6 28. g4 h6 29. Kg2 Kf7 30. f3 Ra8 31. Kg3 Ra4 32. b3
Ra5 33. Bc3 Ra8 34. h4 c5 35. Be5 Rc8 36. g5 hxg5 37. hxg5 Nh7 38. Kg4 Nf8
39. Rd8 Re8 40. Rxe8 Rxe8 41. Rd6 Ng6 42. Bg3 Re7 43. Rb6 Rd7 44. Bd6 Ne7
45. Bxc5 Nc6 46. Kf4 Kg6 47. Be3 Kf7 48. Ke4 Ne7 49. Bf4 Nc6 50. Be5 g6 51.
f4 Ke7 52. b4 Kf7 53. b5 Na5 54. Rd6 Rxd6 55. Bxd6 Nxc4 56. Bc5 Nd2+ 57.
Ke5 Nf3+ 58. Kd6 e5 59. Be3 exf4 60. Bxf4 Ke8 61. Be3 Kd8 62. Ke6 Kc7 63.
Kf6 Kd6 64. Kxg6 Ke6 65. Kh6 Nh4 66. Bf2 Nf5+ 67. Kh7 Kd5 68. Kg8 Nd6 69.
b6 Ke6 70. g6 Nf5 71. Kh7 Kd7 72. Bd4 Kc8 73. Bf6 Kd7 74. Kg8 Ke6 75. Bg5
Nd6 76. Kf8 Nf5 77. Ke8 Nd6+ 78. Kd8 Nc4 79. Kc7 Ne5 80. g7 Kf7 81. Bf6 Ng4
82. Bd4 1-0

[Event "6th United Insurance"]
[Site "Dhaka BAN"]
[Date "2003.03.18"]
[Round "11"]
[White "Magem Badals,J"]
[Black "Reefat,S"]
[Result "1/2-1/2"]
[WhiteElo "2493"]
[BlackElo "2451"]
[EventDate "2003.03.08"]

1. e4 c5 2. Nf3 Nc6 3. d4 cxd4 4. Nxd4 Qc7 5. Nc3 e6 6. Be3 a6 7. Qd2 Nf6
8. O-O-O Bb4 9. f3 Ne7 10. Nde2 d5 11. a3 Ba5 12. b4 Bb6 13. Bxb6 Qxb6 14.
exd5 exd5 15. Qd4 Qc7 16. Qf4 Qc6 17. Kb2 Be6 18. Nd4 Qd7 19. h4 Rc8 20.
Re1 O-O 21. Bd3 Rc7 22. h5 Rfc8 23. Nce2 h6 24. g4 Nh7 25. Qe3 Nc6 26. Nxc6
Qxc6 27. Qd4 Ng5 28. Rhf1 Bd7 29. Nf4 Qa4 30. Rf2 Ne6 31. Nxe6 fxe6 32. g5
Bb5 33. Ra1 hxg5 34. h6 Bxd3 35. Qxd3 Qb5 36. Qe3 Qc4 37. Qxe6+ Kh7 38. Rd1
Qc3+ 39. Kb1 Qxa3 40. hxg7 Qxb4+ 41. Kc1 Qa3+ 42. Kb1 Qb4+ 43. Kc1 Qf4+ 44.
Kb1 Qb4+ 1/2-1/2

[Event "6th United Insurance"]
[Site "Dhaka BAN"]
[Date "2003.03.18"]
[Round "11"]
[White "Ahmed,SN"]
[Black "Neelotpal,D"]
[Result "1/2-1/2"]
[WhiteElo "2309"]
[BlackElo "2406"]
[EventDate "2003.03.08"]

1. e4 c5 2. Nf3 d6 3. d4 cxd4 4. Nxd4 Nf6 5. Nc3 Nc6 6. g3 g6 7. Bg2 Bd7 8.
Nde2 Bg7 9. O-O O-O 10. a4 Nb4 11. Nd5 Nbxd5 12. exd5 Rc8 13. c3 Bf5 14.
Bg5 Qb6 15. b3 Qd8 16. Re1 Re8 17. Be3 Be4 18. Bd4 Bxg2 19. Kxg2 e6 20.
dxe6 1/2-1/2

[Event "6th United Insurance"]
[Site "Dhaka BAN"]
[Date "2003.03.18"]
[Round "11"]
[White "Hossain,Enam"]
[Black "Abdulla,Al"]
[Result "1-0"]
[WhiteElo "2451"]
[BlackElo "2405"]
[EventDate "2003.03.08"]

1. e4 Nf6 2. e5 Nd5 3. d4 d6 4. Nf3 dxe5 5. Nxe5 g6 6. Bc4 c6 7. O-O Bg7 8.
h3 O-O 9. Re1 Be6 10. Bb3 a5 11. a4 Nd7 12. Nf3 N7b6 13. Ng5 Bf5 14. c3 Qc8
15. Nd2 c5 16. Qf3 Qc6 17. dxc5 Qxc5 18. Nde4 Qc6 19. Ng3 Bd7 20. Rd1 e6
21. Qe4 f5 22. Qe2 Rae8 23. Nf3 e5 24. Qb5 1-0

[Event "6th United Insurance"]
[Site "Dhaka BAN"]
[Date "2003.03.18"]
[Round "11"]
[White "Murshed,N"]
[Black "Rahman,Tai"]
[Result "1-0"]
[WhiteElo "2435"]
[BlackElo "2300"]
[EventDate "2003.03.08"]

1. c4 e6 2. Nf3 Nf6 3. b3 Be7 4. Bb2 b6 5. d3 O-O 6. e4 d5 7. e5 Ne8 8. d4
Bb7 9. cxd5 Bxd5 10. Nc3 Bb7 11. Bd3 c5 12. dxc5 Nd7 13. cxb6 Bxf3 14. Qxf3
Nxe5 15. Bxh7+ Kxh7 16. Qh5+ Kg8 17. Qxe5 Bf6 18. Qe2 Rc8 19. Rc1 Qxb6 20.
O-O Qa5 21. Ne4 Rxc1 22. Bxc1 Be7 23. g3 Nc7 24. Be3 Nd5 25. Bd4 Rd8 26.
Qg4 g6 27. Qh3 1-0

[Event "6th United Insurance"]
[Site "Dhaka BAN"]
[Date "2003.03.18"]
[Round "11"]
[White "Rahman,Zia"]
[Black "Tiviakov,S"]
[Result "1/2-1/2"]
[WhiteElo "2542"]
[BlackElo "2635"]
[EventDate "2003.03.08"]

1. Nf3 Nf6 2. c4 b6 3. g3 Bb7 4. Bg2 e6 5. O-O Be7 6. Nc3 O-O 7. d4 Ne4 8.
Bd2 f5 9. Qc2 Bf6 10. Rad1 Nxc3 11. Bxc3 Be4 12. Qc1 d6 13. Ne1 Bxg2 14.
Nxg2 Nd7 15. Qc2 Qe8 16. Nf4 1/2-1/2

[Event "6th United Insurance"]
[Site "Dhaka BAN"]
[Date "2003.03.18"]
[Round "11"]
[White "Vakhidov,T"]
[Black "Dzhumaev,M"]
[Result "1/2-1/2"]
[WhiteElo "2546"]
[BlackElo "2507"]
[EventDate "2003.03.08"]

1. d4 d5 2. c4 c6 3. Nf3 Nf6 4. cxd5 cxd5 5. Nc3 Nc6 6. Bf4 Bf5 7. e3 e6 8.
Bd3 Bxd3 9. Qxd3 Bd6 10. Bxd6 Qxd6 11. O-O O-O 12. Rfc1 Rfc8 13. h3 1/2-1/2

[Event "6th United Insurance"]
[Site "Dhaka BAN"]
[Date "2003.03.19"]
[Round "12"]
[White "Reefat,S"]
[Black "Dzhumaev,M"]
[Result "1-0"]
[WhiteElo "2451"]
[BlackElo "2507"]
[EventDate "2003.03.08"]

1. e4 g6 2. d4 Bg7 3. Nc3 d6 4. Be3 c6 5. Qd2 Nd7 6. Nf3 b5 7. Bd3 Qc7 8.
Ne2 a6 9. a4 Bb7 10. Ng3 e5 11. dxe5 dxe5 12. c4 bxa4 13. c5 Ngf6 14. h3
O-O 15. O-O Rfd8 16. Qe2 Nf8 17. Bc4 Ne8 18. Ng5 Rd7 19. f4 Nf6 20. Rad1
Nd5 21. exd5 cxd5 22. f5 dxc4 23. Rxd7 Qxd7 24. fxg6 f6 25. Rd1 Bd5 26.
gxh7+ Kh8 27. N5e4 Qe6 28. Nc3 Bc6 29. Rd6 Qe8 30. Nf5 Ra7 31. Qxc4 Nxh7
32. Qe6 Qxe6 33. Rxe6 Rc7 34. Re7 Rd7 35. Re6 Rc7 36. Re7 Rd7 37. Re8+ Nf8
38. Rc8 Bb7 39. Rb8 Kh7 40. Nd6 Bc6 41. Rc8 Bb7 42. Nxb7 Rxb7 43. Nxa4 Rb4
44. Nb6 Rxb2 45. c6 Kg6 46. Re8 Rc2 47. Nd5 Kf5 48. c7 Ke4 49. c8=Q Rxc8
50. Rxc8 Kxd5 51. h4 f5 52. h5 f4 53. Bc1 Ke4 54. Rc6 Kf5 55. g4+ Kxg4 56.
h6 Bh8 57. Ba3 Nh7 58. Rc7 Ng5 59. Bf8 Ne6 60. Rf7 Ng5 61. Rd7 Kf5 62. Bg7
Ke6 63. Ra7 Nf7 64. Rxa6+ Ke7 65. Ra8 e4 66. Bxh8 Nxh6 67. Ra4 1-0

[Event "6th United Insurance"]
[Site "Dhaka BAN"]
[Date "2003.03.19"]
[Round "12"]
[White "Tiviakov,S"]
[Black "Vakhidov,T"]
[Result "1/2-1/2"]
[WhiteElo "2635"]
[BlackElo "2546"]
[EventDate "2003.03.08"]

1. e4 e6 2. d4 d5 3. Nd2 c5 4. exd5 Qxd5 5. Ngf3 cxd4 6. Bc4 Qd6 7. O-O Nf6
8. Nb3 Nc6 9. Nbxd4 Nxd4 10. Nxd4 a6 11. Bb3 Bd7 12. c3 O-O-O 13. Qf3 Qc7
14. Bg5 Bd6 15. h3 Bh2+ 16. Kh1 Be5 17. Rad1 h6 18. Be3 g5 19. Qe2 Rhg8 20.
Qc4 1/2-1/2

[Event "6th United Insurance"]
[Site "Dhaka BAN"]
[Date "2003.03.19"]
[Round "12"]
[White "Rahman,Tai"]
[Black "Rahman,Zia"]
[Result "0-1"]
[WhiteElo "2300"]
[BlackElo "2542"]
[EventDate "2003.03.08"]

1. d4 e6 2. c4 b6 3. e4 Bb7 4. Bd3 Nc6 5. Ne2 e5 6. d5 Nb4 7. Nbc3 Nxd3+ 8.
Qxd3 Ne7 9. O-O Ng6 10. Ng3 Bc5 11. Be3 Bxe3 12. fxe3 d6 13. b4 O-O 14.
Rfc1 Qg5 15. a3 Nh4 16. c5 dxc5 17. bxc5 Rad8 18. c6 Bxc6 19. Nd1 Ba8 20.
Rxc7 f5 21. exf5 Rxd5 22. Qb3 Kh8 23. Nf2 Nxf5 24. e4 Nd4 25. Qb4 Rdd8 26.
Qe7 Qxe7 27. Rxe7 Nc6 28. Rc7 Rc8 29. Rxc8 Rxc8 30. Rc1 g6 31. Ng4 Bb7 32.
Kf2 Rd8 33. Ke3 Kg7 34. Ne2 h5 35. Nf2 Rd7 36. Nc3 Na5 37. Nd5 b5 38. Rc5
Nc4+ 39. Ke2 Nxa3 40. Nd3 Bxd5 41. exd5 Kf6 42. Nb4 a5 43. Nc6 a4 44. Kd3
Kf5 45. Kc3 Ke4 46. d6 Rxd6 47. Rxe5+ Kf4 48. g3+ Kg4 49. Nd4 Nb1+ 50. Kd3
Nd2 0-1

[Event "6th United Insurance"]
[Site "Dhaka BAN"]
[Date "2003.03.19"]
[Round "12"]
[White "Abdulla,Al"]
[Black "Murshed,N"]
[Result "1/2-1/2"]
[WhiteElo "2405"]
[BlackElo "2435"]
[EventDate "2003.03.08"]

1. c4 e6 2. d4 b6 3. e4 Bb7 4. Qc2 Nf6 5. f3 Nc6 6. Be3 e5 7. Ne2 exd4 8.
Nxd4 Bc5 9. Nxc6 Bxc6 10. Bxc5 bxc5 11. Nc3 O-O 12. O-O-O Qe7 13. Bd3 d6
14. Rhe1 Nd7 15. f4 g6 16. g3 Rab8 17. e5 dxe5 18. Be4 Bxe4 19. Qxe4 Qe6
20. Qd5 Rfd8 21. Qxe6 fxe6 22. fxe5 Kf7 23. Nb5 Rb7 24. Rd2 a6 25. Nc3 Ke7
26. Red1 Rbb8 27. Ne4 Nxe5 28. Rxd8 Rxd8 29. Rxd8 Kxd8 30. Nxc5 Ke7 31.
Nxa6 Kd6 32. c5+ Kc6 33. Kc2 Nf3 34. h3 1/2-1/2

[Event "6th United Insurance"]
[Site "Dhaka BAN"]
[Date "2003.03.19"]
[Round "12"]
[White "Goloshchapov,A"]
[Black "Ahmed,SN"]
[Result "1-0"]
[WhiteElo "2523"]
[BlackElo "2309"]
[EventDate "2003.03.08"]

1. e4 c5 2. Nf3 d6 3. d4 cxd4 4. Nxd4 Nf6 5. Nc3 e6 6. Be3 Be7 7. f3 O-O 8.
Qd2 Nc6 9. g4 d5 10. g5 Nd7 11. exd5 Nxd4 12. Qxd4 Bxg5 13. O-O-O Nb6 14.
Rg1 Bf6 15. Qc5 exd5 16. Nxd5 Nxd5 17. Rxd5 Qe7 18. Qxe7 Bxe7 19. Bh6 Bf6
20. Bxg7 Bxg7 21. Rdg5 Kh8 22. Rxg7 Bf5 23. R7g5 Rg8 24. Bd3 Bxd3 25. Rxg8+
1-0

[Event "6th United Insurance"]
[Site "Dhaka BAN"]
[Date "2003.03.19"]
[Round "12"]
[White "Magem Badals,J"]
[Black "Barsov,A"]
[Result "1/2-1/2"]
[WhiteElo "2493"]
[BlackElo "2525"]
[EventDate "2003.03.08"]

1. e4 e6 2. d4 d5 3. Nc3 Bb4 4. exd5 exd5 5. Bd3 Nc6 6. a3 Bxc3+ 7. bxc3
Nf6 8. Ne2 O-O 9. O-O Na5 10. Ng3 Bg4 11. f3 Bd7 12. f4 c5 13. f5 cxd4 14.
cxd4 1/2-1/2

[Event "6th United Insurance"]
[Site "Dhaka BAN"]
[Date "2003.03.20"]
[Round "13"]
[White "Barsov,A"]
[Black "Reefat,S"]
[Result "0-1"]
[WhiteElo "2525"]
[BlackElo "2451"]
[EventDate "2003.03.08"]

1. d4 d5 2. c4 e6 3. Nc3 c6 4. e3 Nf6 5. Nf3 Bd6 6. Qc2 Nbd7 7. g4 Bb4 8.
Bd2 Qe7 9. Bd3 Bxc3 10. bxc3 e5 11. g5 e4 12. gxf6 Nxf6 13. cxd5 exd3 14.
Qxd3 cxd5 15. Ne5 O-O 16. f3 Ne8 17. Qb5 Nd6 18. Qxd5 Be6 19. Qa5 Qh4+ 20.
Kd1 Qh5 21. Qb4 Rfd8 22. Ke2 f6 23. Nd3 Bc4 24. Qb1 Ne4 25. Qg1 Nc5 26.
dxc5 Rxd3 27. Ke1 Qxf3 0-1

[Event "6th United Insurance"]
[Site "Dhaka BAN"]
[Date "2003.03.20"]
[Round "13"]
[White "Hossain,Enam"]
[Black "Goloshchapov,A"]
[Result "1/2-1/2"]
[WhiteElo "2451"]
[BlackElo "2523"]
[EventDate "2003.03.08"]

1. e4 c5 2. Nf3 Nc6 3. d4 cxd4 4. Nxd4 e6 5. Nc3 Qc7 6. Be2 a6 7. O-O Nf6
8. Be3 Be7 9. f4 d6 10. a4 O-O 11. Kh1 Re8 12. Bf3 Bf8 13. Qd2 Na5 14. b3
Rb8 15. f5 Nc6 16. fxe6 fxe6 17. Bg5 Be7 18. Rad1 Ne5 19. Be2 Bd7 20. Nf3
Nf7 21. e5 dxe5 22. Bxf6 Bxf6 23. Qxd7 Qxc3 24. Qd3 Qb4 25. Qe3 e4 26. Nd4
Rbd8 1/2-1/2

[Event "6th United Insurance"]
[Site "Dhaka BAN"]
[Date "2003.03.20"]
[Round "13"]
[White "Murshed,N"]
[Black "Neelotpal,D"]
[Result "1/2-1/2"]
[WhiteElo "2435"]
[BlackElo "2406"]
[EventDate "2003.03.08"]

1. d4 Nf6 2. Nf3 d5 3. c4 c6 4. e3 a6 5. Nbd2 Bg4 6. h3 Bh5 7. g4 Bg6 8.
Ne5 dxc4 9. Ndxc4 Nfd7 10. Bg2 Nxe5 11. Nxe5 Nd7 12. Nxg6 hxg6 13. d5 cxd5
14. Qxd5 Rb8 15. Bd2 e6 16. Qa5 Bd6 17. Qxd8+ Kxd8 18. Ke2 Ke7 19. Bc3 f6
20. Rad1 Nc5 21. b3 b6 22. g5 Rbd8 23. Bb4 fxg5 24. Bc3 Kf7 25. Bd4 a5 26.
Rd2 e5 27. Bxc5 Bxc5 28. Rhd1 Rxd2+ 29. Rxd2 Ke7 30. Rd5 1/2-1/2